Problems of industrial planning and management in Nigeria. (Record no. 13754)
[ view plain ]
| 000 -LEADER | |
|---|---|
| fixed length control field | 00337nam a22001217a 4500 |
| 082 ## - DEWEY DECIMAL CLASSIFICATION NUMBER | |
| Classification number | 338.9669ONY. |
| 100 ## - MAIN ENTRY--PERSONAL NAME | |
| Personal name | Onyemelukwe, C.C. |
| 245 ## - TITLE STATEMENT | |
| Title | Problems of industrial planning and management in Nigeria. |
| 260 ## - PUBLICATION, DISTRIBUTION, ETC. | |
| Place of publication, distribution, etc. | London. |
| Name of publisher, distributor, etc. | Longmans, Green and Co ltd. |
| Date of publication, distribution, etc. | 1966. |
| 300 ## - PHYSICAL DESCRIPTION | |
| Extent | vi, 330p. |
| Other physical details | 23cm. |
| 500 ## - GENERAL NOTE | |
| General note | Includes index. |
| 942 ## - ADDED ENTRY ELEMENTS (KOHA) | |
| Koha item type | Books |
| Withdrawn status | Lost status | Source of classification or shelving scheme | Damaged status | Not for loan | Home library | Current library | Shelving location | Date acquired | Full call number | Barcode | Date last seen | Price effective from | Koha item type |
|---|---|---|---|---|---|---|---|---|---|---|---|---|---|
| Dewey Decimal Classification | IFM Main Campus Library | IFM Main Campus Library | 11/10/2015 | 338.9669ONY. | 0000010117 | 11/10/2015 | 11/10/2015 | Books |
